Santa Cruz church : (Record no. 3897)

MARC details
000 -LEADER
fixed length control field 00648nam a22001817a 4500
003 - CONTROL NUMBER IDENTIFIER
control field OSt
005 - DATE AND TIME OF LATEST TRANSACTION
control field 20250730053952.0
008 - FIXED-LENGTH DATA ELEMENTS--GENERAL INFORMATION
fixed length control field 250730b |||||||| |||| 00| 0 eng d
040 ## - CATALOGING SOURCE
Original cataloging agency DWCL-Main lib
Transcribing agency OC
082 ## - DEWEY DECIMAL CLASSIFICATION NUMBER
Classification number SC. 270.69 H294s 2004
100 ## - MAIN ENTRY--PERSONAL NAME
Personal name Harper, Anna Maria L.
245 ## - TITLE STATEMENT
Title Santa Cruz church :
Remainder of title a living heritage/
Statement of responsibility, etc. Anna Maria L. Harper
260 ## - PUBLICATION, DISTRIBUTION, ETC.
Place of publication, distribution, etc. Sta. Cruz, Manila :
Name of publisher, distributor, etc. Sta. Cruz Parish Pastoral Council,
Date of publication, distribution, etc. 2004.
300 ## - PHYSICAL DESCRIPTION
Extent 149 pages :
Other physical details illustrations (some color) ;
Dimensions 31 cm.
650 ## - SUBJECT ADDED ENTRY--TOPICAL TERM
Topical term or geographic name entry element 1. Santa Cruz church (Manila, Philippines)--History
650 ## - SUBJECT ADDED ENTRY--TOPICAL TERM
Topical term or geographic name entry element 2. Manila (Philippines)--Church history.
942 ## - ADDED ENTRY ELEMENTS (KOHA)
Source of classification or shelving scheme Dewey Decimal Classification
Koha item type Special Collection
Call number prefix SC.
Suppress in OPAC No
952 ## - LOCATION AND ITEM INFORMATION (KOHA)
--
Holdings
Withdrawn status Lost status Source of classification or shelving scheme Damaged status Not for loan Home library Current library Shelving location Date acquired Source of acquisition Total Checkouts Full call number Barcode Date last seen Copy number Price effective from Koha item type Uniform Resource Identifier
    Dewey Decimal Classification     College Library College Library Special Collection 01/06/2016 Donation   SC. 270.69 H294s 2004 51312 07/30/2025 c1 07/30/2025 SC